000
00339 a2200157 4500
001
61921
020
_a
9788506062722
040
_c
Anchieta - Pituba
100
_a
Rodrigues Filho, Edison
240
1
0
_a
Jardim do céu
_l
por
245
1
0
_a
Jardim do céu
300
_a
134
362
0
_a
2010
650
4
_a
Literatura juvenil
942
_c
BK
999
_c
61921
_d
61921